[Event "Berlin-ch Seniors op 35th"]
[Site "Berlin"]
[Date "2019.01.31"]
[Round "3"]
[White "Steiger, Michael"]
[Black "Langer, Guenter"]
[Result "1/2-1/2"]
[WhiteElo "1984"]
[BlackElo "1797"]
[PlyCount "86"]
[EventDate "2019.01.29"]
[EventType "swiss"]
[EventRounds "9"]
[EventCountry "GER"]
[SourceTitle "CBM 189 Extra"]
[Source "ChessBase"]
[SourceDate "2019.05.31"]
[SourceVersion "1"]
[SourceVersionDate "2019.05.31"]
[SourceQuality "1"]

1. c4 c5 2. Nc3 Nc6 3. g3 g6 4. Bg2 Bg7 5. Nf3 Nf6 6. d4 cxd4 7. Nxd4 0-0 8. 0-0 Nxd4 9. Qxd4 d6 10. Qd3 Qc7 11. Bg5 Be6 12. Nd5 Bxd5 13. cxd5 Qa5 14. a3 Qb6 15. Be3 Qd8 16. Bh3 a6 17. Rac1 Nd7 18. b4 f5 19. Bd4 Rc8 20. Rxc8 Qxc8 21. Bxg7 Kxg7 22. e4 Ne5 23. Qd4 Kg8 24. f4 Qc4 25. Qd2 Ng4 26. Rc1 Qb5 27. exf5 gxf5 28. Bxg4 fxg4 29. h3 gxh3 30. Kh2 Qd7 31. Re1 Rf7 32. Re6 Qb5 33. Qd1 Rg7 34. Kxh3 Qe8 35. Qe2 Qf7 36. Qe4 Qh5+ 37. Kg2 Kf8 38. f5 Qg5 39. Qf3 Rf7 40. Qc3 Kg8 41. Qc8+ Kg7 42. Qc3+ Kf8 43. Qc8+ Kg7 1/2-1/2

[Event "Berlin-ch Seniors op 34th"]
[Site "Berlin"]
[Date "2018.02.08"]
[Round "9"]
[White "Stuckstedte, Hermann"]
[Black "Langer, Guenter"]
[Result "1-0"]
[WhiteElo "1718"]
[BlackElo "1813"]
[PlyCount "101"]
[EventDate "2018.01.30"]
[EventType "swiss"]
[EventRounds "9"]
[EventCountry "GER"]
[SourceTitle "EXT 2020"]
[Source "ChessBase"]
[SourceDate "2019.10.17"]
[SourceVersion "1"]
[SourceVersionDate "2019.10.17"]
[SourceQuality "1"]

1. d4 d5 2. Bf4 Nf6 3. e3 Bf5 4. Be2 e6 5. c3 Be7 6. h3 Nbd7 7. Nd2 Rc8 8. Ngf3 0-0 9. Nh4 Ne4 10. Nxf5 exf5 11. 0-0 Ndf6 12. f3 Nxd2 13. Qxd2 c6 14. Bd3 g6 15. Kf2 Nh5 16. Bh2 Bd6 17. f4 Re8 18. Be2 Nf6 19. Bf3 Qc7 20. g4 fxg4 21. hxg4 Ne4+ 22. Bxe4 Rxe4 23. g5 Rce8 24. Rae1 Qd7 25. Kg3 Qf5 26. Rf3 Qxg5+ 27. Kf2 Qe7 28. Ke2 Bxf4 29. Bxf4 Rxf4 30. Rxf4 Qg5 31. Kd3 f5 32. Qf2 Qd8 33. Rh1 Qb6 34. a3 Qb5+ 35. Kc2 Re7 36. Rfh4 a5 37. R4h2 c5 38. Qf4 Qe8 39. Kd2 h5 40. Rg1 Rg7 41. dxc5 Qb5 42. Kc1 Qxc5 43. Rhg2 Qc6 44. Qd4 b5 45. Rd2 Qe8 46. Qxd5+ Kh7 47. Qf3 b4 48. Rgd1 bxa3 49. bxa3 Qa4 50. Kb2 Rb7+ 51. Qxb7+ 1-0

[Event "Berlin-ch Seniors op 34th"]
[Site "Berlin"]
[Date "2018.02.05"]
[Round "6"]
[White "Langer, Guenter"]
[Black "Maetzing, Hans Dieter"]
[Result "0-1"]
[WhiteElo "1813"]
[BlackElo "1946"]
[PlyCount "80"]
[EventDate "2018.01.30"]
[EventType "swiss"]
[EventRounds "9"]
[EventCountry "GER"]
[SourceTitle "EXT 2020"]
[Source "ChessBase"]
[SourceDate "2019.10.17"]
[SourceVersion "1"]
[SourceVersionDate "2019.10.17"]
[SourceQuality "1"]

1. c4 e5 2. Nc3 d6 3. g3 f5 4. d3 c6 5. e3 Nf6 6. Bg2 Be7 7. Nge2 0-0 8. 0-0 Na6 9. Rb1 Nc7 10. f4 g6 11. Qc2 Re8 12. b4 Bf8 13. a4 exf4 14. Nxf4 Bh6 15. e4 Bg7 16. Bb2 Ng4 17. Nd1 Ne6 18. Bxg7 Nxg7 19. h3 Nf6 20. Nc3 Nfh5 21. Qf2 Nxf4 22. Qxf4 Qf6 23. Qd2 Nh5 24. Ne2 Qe7 25. b5 d5 26. bxc6 bxc6 27. cxd5 fxe4 28. dxe4 cxd5 29. Qxd5+ Be6 30. Qe5 Bc4 31. Qxe7 Rxe7 32. Rf2 Bxe2 33. Rxe2 Nxg3 34. Re3 Nh5 35. e5 Rd8 36. Bf3 Nf4 37. Kh2 Rd4 38. a5 Nd5 39. Ree1 Rd3 40. Rb2 Rxf3 0-1

[Event "Berlin-ch Seniors op 34th"]
[Site "Berlin"]
[Date "2018.02.01"]
[Round "3"]
[White "Bauder, Herbert"]
[Black "Langer, Guenter"]
[Result "1/2-1/2"]
[WhiteElo "1887"]
[BlackElo "1813"]
[PlyCount "43"]
[EventDate "2018.01.30"]
[EventType "swiss"]
[EventRounds "9"]
[EventCountry "GER"]
[SourceTitle "EXT 2020"]
[Source "ChessBase"]
[SourceDate "2019.10.17"]
[SourceVersion "1"]
[SourceVersionDate "2019.10.17"]
[SourceQuality "1"]

1. d4 d5 2. Nf3 Nf6 3. c4 c6 4. Nc3 e6 5. Bg5 Be7 6. e3 Nbd7 7. Qc2 a6 8. a3 h6 9. Bh4 Nh5 10. Bxe7 Qxe7 11. Be2 Nhf6 12. 0-0 0-0 13. Rad1 Re8 14. h3 Rd8 15. cxd5 exd5 16. Bd3 Re8 17. Nd2 Nf8 18. Na4 Rb8 19. Qc5 Qc7 20. Qb6 Qd6 21. Qc5 Qc7 22. Qb6 1/2-1/2

[Event "Berlin-ch Seniors op 34th"]
[Site "Berlin"]
[Date "2018.01.30"]
[Round "1"]
[White "Geiss, Anne"]
[Black "Langer, Guenter"]
[Result "0-1"]
[WhiteElo "1325"]
[BlackElo "1813"]
[PlyCount "65"]
[EventDate "2018.01.30"]
[EventType "swiss"]
[EventRounds "9"]
[EventCountry "GER"]
[SourceTitle "EXT 2020"]
[Source "ChessBase"]
[SourceDate "2019.10.17"]
[SourceVersion "1"]
[SourceVersionDate "2019.10.17"]
[SourceQuality "1"]

1. e4 c6 2. Nc3 d5 3. Nf3 Bg4 4. d4 e6 5. Be3 Bb4 6. Be2 dxe4 7. Nd2 Bf5 8. 0-0 Nf6 9. h3 Qa5 10. Nb3 Qc7 11. Bc4 Bg6 12. a3 Bd6 13. f4 exf3 14. Rxf3 Nbd7 15. Qe2 h5 16. Bxe6 fxe6 17. Bg5 0-0-0 18. Nc5 Nxc5 19. dxc5 Bxc5+ 20. Kf1 Bf5 21. Bf4 Bd6 22. Bxd6 Rxd6 23. Re1 Rhd8 24. Rf2 Rd4 25. Qe5 Qxe5 26. Rxe5 Rd2 27. Rfxf5 exf5 28. Re2 Rxe2 29. Kxe2 Ne4 30. Nb1 Kd7 31. c4 Ke6 32. b4 Ke5 33. Ke3 0-1

[Event "Berlin-ch Seniors op 33rd"]
[Site "Berlin"]
[Date "2017.02.02"]
[Round "3"]
[White "Langer, Guenter"]
[Black "Glatthor, Thomas"]
[Result "0-1"]
[WhiteElo "1847"]
[BlackElo "2055"]
[PlyCount "162"]
[EventDate "2017.01.31"]
[EventType "swiss"]
[EventRounds "9"]
[EventCountry "GER"]
[SourceTitle "EXT 2019"]
[Source "ChessBase"]
[SourceDate "2018.10.10"]
[SourceVersion "1"]
[SourceVersionDate "2018.10.10"]
[SourceQuality "1"]

1. d4 d6 2. Nf3 g6 3. g3 Bg7 4. Bg2 Nf6 5. 0-0 0-0 6. Nbd2 Nbd7 7. Rb1 c6 8. a3 e5 9. dxe5 dxe5 10. Ng5 h6 11. Nge4 Qe7 12. Nxf6+ Nxf6 13. e4 Rd8 14. Qe1 Bg4 15. h3 Be6 16. Nb3 Bc4 17. Be3 Bxf1 18. Qxf1 b6 19. Kh2 Rac8 20. Qc1 g5 21. Bf3 Qe6 22. Bg2 Rd6 23. Qf1 Rcd8 24. Qe2 Nh7 25. g4 Nf8 26. Re1 Ng6 27. Nc1 Nf4 28. Qf1 Qd7 29. Bf3 Ne6 30. Bg2 Nd4 31. Qc4 Qe6 32. Qxe6 Rxe6 33. c3 Nc2 34. Re2 Nxe3 35. Rxe3 Red6 36. Nb3 Rd1 37. Bf3 R1d3 38. Rxd3 Rxd3 39. Be2 Rd6 40. Kg2 Bf8 41. Kf3 Rf6+ 42. Ke3 Bc5+ 43. Nxc5 bxc5 44. f3 Rd6 45. Bd3 Kf8 46. Ke2 Ke7 47. Bc4 f6 48. a4 Rd8 49. a5 h5 50. Ba6 hxg4 51. hxg4 Rh8 52. b3 Rh2+ 53. Kd3 Rf2 54. Ke3 Ra2 55. Bc4 Rxa5 56. Bg8 Ra3 57. Kd3 Kd6 58. Bf7 Ra1 59. Bg8 Kc7 60. Be6 Kb6 61. Bf7 Rd1+ 62. Ke2 Rd8 63. Bc4 a5 64. Bf7 Ra8 65. Kd3 a4 66. bxa4 Rxa4 67. Bb3 Ra1 68. Bc4 Rf1 69. Ke2 Rb1 70. Kd3 Ka5 71. Kc2 Rh1 72. Kd3 Rh3 73. Ke3 Ka4 74. Be6 Kb5 75. c4+ Kb4 76. Bg8 Rh8 77. Be6 Rd8 78. Bf7 Rd4 79. Be8 Kxc4 80. Bxc6 Kb4 81. Bd5 c4 0-1

[Event "Berlin-ch Seniors op 32nd"]
[Site "Berlin"]
[Date "2016.02.01"]
[Round "6"]
[White "Langer, Guenter"]
[Black "Hoffmann, Peter"]
[Result "1/2-1/2"]
[WhiteElo "1745"]
[BlackElo "1967"]
[PlyCount "117"]
[EventDate "2016.01.26"]
[EventType "swiss"]
[EventRounds "9"]
[EventCountry "GER"]
[SourceTitle "EXT 2019"]
[Source "ChessBase"]
[SourceDate "2018.10.10"]
[SourceVersion "1"]
[SourceVersionDate "2018.10.10"]
[SourceQuality "1"]

1. d4 Nf6 2. Nf3 g6 3. g3 Bg7 4. Bg2 d5 5. 0-0 0-0 6. Ne5 Be6 7. Nd2 Nfd7 8. Ndf3 f6 9. Nd3 Bf7 10. Nde1 c5 11. c3 Nc6 12. Nc2 Re8 13. e3 e5 14. dxe5 fxe5 15. Re1 e4 16. Nd2 Nf6 17. f4 Qd7 18. Nf1 Rad8 19. Re2 Be6 20. Rd2 Qc8 21. b4 b6 22. Bb2 Rd7 23. a3 Bg4 24. Qe1 Rc7 25. Qf2 Be6 26. Qe2 h6 27. Rc1 Nh7 28. Rb1 a6 29. Ba1 c4 30. a4 b5 31. a5 Kh8 32. Nd4 Bxd4 33. exd4 Ne7 34. Ne3 Nf6 35. Rf1 Rg8 36. Bb2 Nf5 37. Bc1 Nxe3 38. Qxe3 Rcg7 39. Qe1 Bf5 40. Re2 Re8 41. Be3 Ng4 42. Qd2 Rh7 43. Kh1 Kg7 44. Qe1 h5 45. h4 Nh6 46. Kh2 Bg4 47. Ref2 Nf5 48. Qd2 Qd8 49. Bh3 Qc8 50. Bxg4 hxg4 51. Kg2 Reh8 52. Rh1 Rh5 53. Qe2 R8h7 54. Rff1 Qd8 55. Rfg1 Qf6 56. Qf2 Rh8 57. Kf1 Qf8 58. Ke2 Qd6 59. Kd2 1/2-1/2

[Event "Berlin-ch Seniors op 32nd"]
[Site "Berlin"]
[Date "2016.01.28"]
[Round "3"]
[White "Langer, Guenter"]
[Black "Grunewald, Peter"]
[Result "1-0"]
[WhiteElo "1745"]
[BlackElo "1925"]
[PlyCount "95"]
[EventDate "2016.01.26"]
[EventType "swiss"]
[EventRounds "9"]
[EventCountry "GER"]
[SourceTitle "EXT 2019"]
[Source "ChessBase"]
[SourceDate "2018.10.10"]
[SourceVersion "1"]
[SourceVersionDate "2018.10.10"]
[SourceQuality "1"]

1. d4 d5 2. Nf3 Nf6 3. Bf4 c6 4. e3 Bg4 5. Be2 e6 6. Nbd2 h6 7. Rc1 Nbd7 8. 0-0 Be7 9. h3 Bh5 10. c4 0-0 11. c5 Qc8 12. b4 Ne4 13. Ne5 Bxe2 14. Qxe2 Nxe5 15. Bxe5 f6 16. Bh2 Nxd2 17. Qxd2 b5 18. Qd3 Bd8 19. e4 Qd7 20. Rfe1 Re8 21. Bd6 Bc7 22. e5 fxe5 23. dxe5 a5 24. bxa5 Rxa5 25. Re2 Rea8 26. Rcc2 Ra3 27. Qg6 Bd8 28. Rb2 Qf7 29. Qc2 Ba5 30. Rb3 Ra4 31. Rf3 Rf4 32. Ree3 d4 33. Rxf4 Qxf4 34. Rf3 Qg5 35. Ra3 Qd8 36. Qg6 Qd7 37. Qd3 Ra7 38. Qxd4 Bd8 39. Rf3 Be7 40. a3 Ra8 41. Rg3 Rf8 42. Qe4 Rf5 43. a4 bxa4 44. Qxa4 Bxd6 45. exd6 Rxc5 46. Qa8+ Kh7 47. Qf8 Rd5 48. Qe7 1-0

[Event "Berlin-ch Seniors op 30th"]
[Site "Berlin"]
[Date "2014.02.06"]
[Round "8"]
[White "Langer, Guenter"]
[Black "Fitzke, Ulrich"]
[Result "1/2-1/2"]
[WhiteElo "1657"]
[BlackElo "1803"]
[PlyCount "53"]
[EventDate "2014.01.30"]
[EventType "swiss"]
[EventRounds "9"]
[EventCountry "GER"]
[SourceTitle "EXT 2023"]
[Source "ChessBase"]
[SourceDate "2022.10.05"]
[SourceVersion "1"]
[SourceVersionDate "2022.10.05"]
[SourceQuality "1"]

1. d4 d5 2. Nf3 Nf6 3. Bf4 e6 4. e3 Bd6 5. Bd3 0-0 6. c3 c5 7. 0-0 Nc6 8. a3 c4 9. Bc2 Bxf4 10. exf4 b5 11. Ne5 Qb6 12. Qe1 a5 13. Nd2 Re8 14. Ndf3 Nd7 15. Qd2 f5 16. Rfe1 Nf6 17. Nxc6 Qxc6 18. Ne5 Qb6 19. f3 Nd7 20. h3 Nxe5 21. Rxe5 Bd7 22. Kh2 a4 23. Rae1 Qd8 24. R1e2 Qh4 25. Qe3 h5 26. g3 Qf6 27. h4 1/2-1/2

[Event "Berlin-ch Seniors op 30th"]
[Site "Berlin"]
[Date "2014.02.04"]
[Round "6"]
[White "Langer, Guenter"]
[Black "Hirr, Rudi"]
[Result "1/2-1/2"]
[WhiteElo "1657"]
[BlackElo "1523"]
[PlyCount "95"]
[EventDate "2014.01.30"]
[EventType "swiss"]
[EventRounds "9"]
[EventCountry "GER"]
[SourceTitle "EXT 2018"]
[Source "ChessBase"]
[SourceDate "2017.10.13"]
[SourceVersion "1"]
[SourceVersionDate "2017.10.13"]
[SourceQuality "1"]

1. c4 e5 2. Nc3 Nf6 3. g3 Be7 4. Bg2 c6 5. e3 d6 6. d3 0-0 7. Nge2 Re8 8. 0-0 Nbd7 9. Rb1 a5 10. b3 Nb6 11. Bb2 Bd7 12. e4 Qc8 13. Re1 Qd8 14. d4 exd4 15. Nxd4 Qc8 16. Qd2 c5 17. Ndb5 Bxb5 18. Nxb5 Rd8 19. a4 Ne8 20. Rbd1 Nc7 21. Nc3 Bf6 22. Re2 Ne8 23. Rde1 Bxc3 24. Bxc3 f6 25. Bxa5 Ra6 26. Bc3 Nd7 27. Bh3 Qc7 28. Be6+ Kh8 29. f4 Nf8 30. Bg4 Raa8 31. h4 Qf7 32. Kg2 Qg6 33. Bf5 Qf7 34. Ba5 Rdb8 35. Bc3 Rd8 36. Qd5 Qxd5 37. exd5 g6 38. Bg4 Kg8 39. Re7 f5 40. Bf3 Rab8 41. g4 b6 42. gxf5 gxf5 43. h5 Nd7 44. Kh3 Ndf6 45. h6 Kf8 46. Ra7 Rd7 47. Rxd7 Nxd7 48. Kh4 1/2-1/2